[Event "New York op"]
[Site "New York"]
[Date "1991.??.??"]
[Round "6"]
[White "Epishin, Vladimir"]
[Black "Davies, Nigel Rodney"]
[Result "1-0"]
[WhiteElo "2620"]
[BlackElo "2500"]
[Annotator "King,D"]
[PlyCount "65"]
[EventDate "1991.03.??"]
[EventType "swiss"]
[EventRounds "9"]
[EventCountry "USA"]
[SourceTitle "CBM 023"]
[Source "ChessBase"]
[SourceDate "1991.08.01"]
[SourceVersion "1"]
[SourceVersionDate "1991.08.01"]
[SourceQuality "1"]

1. d4 d6 2. e4 g6 3. c4 e5 4. Nf3 Nc6 5. d5 Nce7 6. h4 {Epishin plays a superb
game. Black drifts into white's clamp without much struggle. Here, for
instance, he might have tried 6...f5.} Nf6 7. Nc3 Bg7 8. Bg5 O-O 9. Be2 Bd7 (
9... Nh5 10. g3 f5 $13) 10. Nd2 h5 11. f3 Nh7 12. Be3 c5 13. g4 f5 14. g5 $16
Rf7 15. Qb3 b6 16. Qa3 a5 17. O-O-O Nf8 18. Rdf1 Bc8 19. Nb5 Ba6 20. Qb3 Qb8
21. Nb1 Nd7 22. N1c3 Bf8 23. Bd2 Kh7 24. Bd3 Bg7 25. Kb1 Bc8 26. Ne2 Nf8 27.
Ng3 Bd7 28. f4 fxe4 29. Bxe4 a4 30. Qd3 Bxb5 31. cxb5 exf4 32. Nxh5 c4 33. Qxc4
1-0

[Event "POL-ch 53rd"]
[Site "Brzeg Dolny"]
[Date "1996.??.??"]
[Round "15"]
[White "Kempinski, Robert"]
[Black "Krasenkow, Michal"]
[Result "1/2-1/2"]
[WhiteElo "2475"]
[BlackElo "2610"]
[Annotator "Krasenkow,M"]
[PlyCount "124"]
[EventDate "1996.03.09"]
[EventType "tourn"]
[EventRounds "15"]
[EventCountry "POL"]
[EventCategory "9"]
[SourceTitle "CBM 053"]
[Source "ChessBase"]
[SourceDate "1996.08.01"]
[SourceVersion "1"]
[SourceVersionDate "1996.08.01"]
[SourceQuality "1"]

1. d4 {King} d6 2. Nf3 g6 3. c4 Bg7 4. Nc3 Bg4 5. g3 Bxf3 6. exf3 e6 7. Bg2 Ne7
8. O-O O-O 9. f4 $146 (9. d5) 9... c6 (9... d5 $5 10. cxd5 exd5 11. Qb3 Nbc6
12. Nxd5 Nxd5 13. Qxd5 Qxd5 14. Bxd5 Nxd4 15. Bxb7 Rab8 16. Bg2 $10) 10. d5
exd5 11. cxd5 Na6 12. dxc6 bxc6 13. Qd2 d5 14. b3 Nf5 15. Bb2 Nc5 16. Rac1 Ne6
17. Rfd1 Rc8 18. Na4 Bxb2 19. Qxb2 $14 Qe7 20. Bh3 Nfg7 21. Qe5 (21. Bxe6 $5
Nxe6 22. Qe5) 21... f5 22. Nc5 Rfe8 23. Bg2 (23. Re1 $5) (23. Nd3 $5) 23...
Nxc5 24. Qxe7 Rxe7 25. Rxc5 Rec7 26. b4 Ne6 27. Ra5 Kf8 28. Ra6 Nd8 29. b5 cxb5
30. Rxd5 Rb8 31. h4 Nf7 32. h5 Kg7 33. hxg6 hxg6 34. Bf3 b4 $10 35. Bd1 Rd8 36.
Rxd8 Nxd8 37. Kg2 Nc6 38. Ba4 Ne7 39. f3 Nd5 40. Bb3 Nc3 41. Kh3 Ne2 42. Kh4 {
King: A good attempt. If the king reaches g5, then Black is in serious trouble,
however, he defends accurately.} Nd4 43. Bd5 Rd7 44. Ba8 Re7 45. Ra4 (45. Kg5 {
King} Ne6+) 45... b3 $1 46. Rxd4 (46. axb3 $10) 46... bxa2 (46... b2 47. Rd1
Rc7 (47... Re8 $2 48. Kg5 Rxa8 49. Rd7+) 48. Rb1 Rc1 49. Be4 $3 fxe4 50. Rxb2
exf3 51. Kg4 Rc3 52. Rf2 Ra3 $1 $10) 47. Rd1 Re8 48. g4 (48. Rd7+ $2 Kf6 49.
Rd6+ Re6 50. Rd1 Rb6) (48. Bc6 {King} Rh8+ 49. Kg5 Rh5#) 48... Rxa8 49. Ra1 Kf6
50. Rxa2 a5 51. Ra4 Ra6 52. Kg3 Ke6 53. Kh4 fxg4 54. fxg4 Kd5 55. Kg5 Kc5 56.
f5 gxf5 57. gxf5 Kb5 58. Ra1 a4 59. f6 Kb4 60. Re1 Ra8 61. f7 Rf8 62. Kf6 a3
1/2-1/2

[Event "Interzonal-15"]
[Site "Manila"]
[Date "1990.??.??"]
[Round "4"]
[White "Lautier, Joel"]
[Black "Adams, Michael"]
[Result "1-0"]
[WhiteElo "2570"]
[BlackElo "2590"]
[Annotator "Lautier,J"]
[PlyCount "101"]
[EventDate "1990.06.29"]
[EventType "swiss"]
[EventRounds "13"]
[EventCountry "PHI"]
[SourceTitle "CBM 019"]
[Source "ChessBase"]
[SourceDate "1990.12.01"]
[SourceVersion "1"]
[SourceVersionDate "1990.12.01"]
[SourceQuality "1"]

1. d4 {Ribli} d6 2. Nf3 Bg4 3. c4 Nd7 4. Qb3 Rb8 5. g3 (5. h3 {Ribli} Bxf3 (
5... Bh5 6. Bf4 Bxf3 7. Qxf3 e5 8. dxe5 dxe5 9. Bd2 Ngf6 10. Nc3 Bc5 11. g4 h6
12. h4 $14 {Miles-Kavnatsky Los Angeles 1988 46/69}) 6. Qxf3 g6 7. Nc3 Bg7 8.
e3 c5 9. d5 {Flear,G-Adams,M London WFW 1990 CBM 18}) 5... g6 6. Nbd2 c5 7.
dxc5 $5 (7. h3 Bxf3 8. Nxf3 Bg7 9. dxc5 Nxc5 10. Qc2 Nf6 11. Bg2 $14) 7... Nxc5
8. Qc3 Nf6 9. b4 Bg7 10. Qa3 (10. bxc5 $4 Nh5 11. Nd4 dxc5 $19) 10... Nce4 (
10... Ncd7 {Ribli}) 11. Bb2 $6 (11. Nxe4 Nxe4 12. Bb2 Bxb2 (12... Qb6 $2 13. c5
dxc5 14. Bxg7 cxb4 15. Qe3 $18) 13. Qxb2 O-O (13... Qb6 $2 14. c5 $1 $18) 14.
Bg2 $14) 11... Bxf3 $1 12. Nxf3 O-O 13. Bg2 Qc7 $6 (13... a5 $1 14. bxa5 Ra8
$15) (13... Bh6 $5 {/\ Qc7}) 14. Rc1 Bh6 15. e3 Ng4 $6 (15... a5 $1 $10) 16. h3
$1 Ngxf2 17. O-O a5 $1 $8 18. Rxf2 axb4 19. Qd3 (19. Qb3 $2 Nc5 $1 20. Qxb4
Bxe3 21. Qe1 Bxf2+ 22. Qxf2 Nd3 23. Qd4 Nxb2 $17) 19... Nxf2 20. Kxf2 Ra8 21.
Qb3 Qa5 (21... Ra5 $142 {/\Rfd8}) 22. Nd4 Qxa2 23. Qxb4 Qa5 24. Qc3 $1 Qxc3 25.
Rxc3 Ra4 26. Bf1 Bg7 27. Rb3 $14 Ra7 28. Bd3 $6 (28. g4 $1 $14) 28... Rc8 $6 (
28... h5 $1 $10) 29. Rb4 Bf6 (29... h5 $5 {Ribli}) 30. g4 $1 Kg7 31. Ke2 h6 32.
Be4 Rd8 (32... Rc5 $5 33. Bxb7 h5 $132) 33. Kd3 Rd7 34. Kc2 e6 $2 35. Rb5 Re7
36. Rb6 $16 Rd7 37. Kb3 Ra6 38. Rb5 b6 39. Ba3 d5 40. cxd5 exd5 41. Bd3 $1 $16
(41. Bxd5 Ra5 $1 42. Bc6 Rxb5+ 43. Bxb5 Rc7 $14) 41... Rda7 42. Nc2 Rc7 43. Bb4
Ra8 44. Rxd5 Be7 45. Bc3+ Bf6 46. Bb4 Be7 47. Bc3+ Bf6 48. Nd4 $1 Re7 49. e4
$18 Rae8 50. Rd6 Re5 51. Rxf6 {51... Kf6 52.Nf3 +-} 1-0

[Event "ESP-chT"]
[Site "Salamanca"]
[Date "1998.09.05"]
[Round "1"]
[White "Lautier, Joel"]
[Black "Speelman, Jonathan S"]
[Result "1-0"]
[WhiteElo "2630"]
[BlackElo "2600"]
[Annotator "Lautier,J"]
[PlyCount "93"]
[EventDate "1998.09.05"]
[EventType "team"]
[EventRounds "9"]
[EventCountry "ESP"]
[SourceTitle "EXT 1999"]
[Source "ChessBase"]
[SourceDate "1998.11.16"]
[SourceVersion "1"]
[SourceVersionDate "1998.11.16"]
[SourceQuality "1"]

1. d4 d6 2. Nf3 Bg4 3. e4 Nf6 4. Nc3 e6 5. h3 Bh5 6. Qe2 c6 7. g4 Bg6 8. h4 h6
9. h5 Bh7 10. g5 hxg5 11. Bxg5 {/\ e5} Qa5 12. Bd2 $1 Nbd7 (12... Qb6 13. d5 $1
$14 Qxb2 $6 14. Rb1 Qa3 (14... Qxc2 15. Nd4 $18) 15. Rxb7 $16) 13. Ng5 (13.
O-O-O d5 14. e5 (14. Nxd5 $2 Qxa2 15. Nc3 Qa1+ 16. Nb1 Bxe4 $17) 14... Ng8 (
14... Ne4 $6 15. Nxe4 Qa4 16. Nfg5 Bxe4 17. Nxe4 dxe4 18. Qc4 $16) 15. Ng5 Bf5
16. Bh3 Nh6 $13) (13. Rh3 $5) 13... Bg8 {/\ g6} (13... Qb6 14. d5 (14. O-O-O $2
Qxd4 $15) (14. e5 Nd5 $13) 14... Qxb2 15. Rb1 Qxc2 16. dxe6 (16. dxc6 $2 bxc6
17. Qa6 Nxe4 18. Ngxe4 Bxe4 $17) (16. Rxb7 cxd5 17. exd5 e5 18. Nxh7 (18. Qb5
Bf5 $15) 18... Rxh7 19. Bh3 $13) (16. Rc1 Qb2 17. Rb1 $11) 16... fxe6 17. Nxe6
{/\ Nd4} (17. Rc1 Qb2 18. Nxe6 Rb8 (18... Rc8 $2 19. Rb1 Qa3 (19... Qc2 $4 20.
Nd4 $18) 20. Rxb7 $36) 19. Nc7+ (19. Rb1 Qa3 20. Rb3 Qa5 $15) 19... Ke7 (19...
Kf7 20. Qc4+ $132) (19... Kd8 20. Ne6+ $13) 20. Rb1 (20. f4 Qb6) 20... Qa3 $15)
17... Nxe4 $1 18. Nc7+ (18. Nd4 $2 Qxd2+ $19) 18... Kd8 19. Nxa8 Nxd2 (19...
Nxc3 $2 20. Bg5+ Nf6 21. Qxc2 Bxc2 22. Rxb7 $16) 20. Qxd2 (20. Rxb7 $5 Qxc3 (
20... Qc1+ 21. Nd1 Nxf1 22. Rxf1 $14) 21. Qxd2 Qa1+ 22. Ke2 Qe5+ 23. Qe3 Qd5
24. Rh4 $1 (24. Bh3 $2 Bd3+ $1 25. Qxd3 Qxd3+ 26. Kxd3 Nc5+ 27. Kc2 Nxb7 28.
Rb1 Rxh5 $17) (24. Rxd7+ Kxd7 25. Qxa7+ Kd8 26. Qb8+ Ke7 $15) 24... Qxa2+ 25.
Kf3 $14) 20... Qxd2+ 21. Kxd2 Bxb1 22. Nxb1 g6 (22... Kc8 23. Bh3) 23. Be2 $14)
14. Rh3 $1 a6 {/\ b5} (14... Qb6 15. d5 $1 Qxb2 $2 16. Rb1 Qxc2 17. dxc6 bxc6
18. Qa6 {/\ Bd3} Ne5 19. f4 $18) (14... Nh7 15. d5 $36) 15. O-O-O b5 (15... d5
$6 16. Nxd5 Qxa2 17. Nc3 Qa1+ 18. Nb1 $16) (15... Qc7 {/\ d5} 16. d5 cxd5 17.
exd5 e5 18. f4 O-O-O 19. fxe5 dxe5 20. Bg2 $36) 16. d5 b4 (16... c5 17. dxe6
fxe6 18. e5 $5 (18. Nd5 $2 b4 $1 $36 {/\ Qa2}) 18... dxe5 (18... Nxe5 19. f4
$16) 19. Bg2 Rd8 $1 (19... Rc8 20. f4 $40 (20. Bb7 $2 Rb8 (20... Rc7 $2 21. Nd5
$18) 21. Nd5 Qxa2 (21... Qd8 $2 22. Nxf6+ gxf6 23. Bc6 fxg5 24. Bxd7+ Qxd7 25.
Qxe5 $18) 22. Ra3 Qc4 $17)) (19... Ra7 20. f4 b4 21. fxe5 bxc3 22. Bxc3 Qxa2
23. exf6 gxf6 24. Bd5 $16) 20. Kb1 $36 {/\ f4} (20. Nd5 Qxa2 21. Nc7+ Ke7 22.
Ra3 Qc4 23. Qxc4 bxc4 24. Rxa6 Rxh5 25. Ncxe6 Rb8 $13) (20. f4 $5 b4 21. fxe5
bxc3 22. Bxc3 Qxa2 23. exf6 Qa1+ 24. Kd2 Nxf6+ 25. Rd3 Rxd3+ 26. Qxd3 Qa4 27.
Qg6+ Ke7 28. Ne4 $44)) 17. dxc6 Ne5 (17... bxc3 $2 18. cxd7+ Nxd7 19. Rxc3 $16)
(17... Nc5 $2 18. Nb1 Qb6 (18... Rc8 19. a3 $16) 19. Bg2 Rc8 20. e5 $16) 18.
Nb1 Nxc6 19. Ra3 $1 Qb6 (19... bxa3 $2 20. Bxa5 axb2+ 21. Kxb2 Nxa5 22. e5 $1
$16) 20. Be3 (20. Rxa6 Rxa6 21. Qxa6 Qxa6 22. Bxa6 Rxh5 23. Be2 Rh4 24. Bb5 Kd7
25. Bxb4 Nxe4 $13) 20... Qb7 21. Rxa6 Rxa6 22. Qxa6 Qxa6 23. Bxa6 Rxh5 $2 (
23... Ng4 $1 24. Bd2 (24. Bb5 Kd7 25. Bd2 Rxh5 26. f3 Nf2 27. Rf1 Nh1 $5 $13 {
/\ f6}) 24... Nxf2 (24... Rxh5 25. f3 $1 (25. Be2 f5 (25... Rh4 26. Bb5 Kd7 27.
Nf3 Rh5 28. Nd4 Rxb5 29. Nxb5 Nxf2 30. Re1 f6 $14) 26. f3 $13) 25... Nf6 (25...
Nge5 26. f4 $36) 26. c3 bxc3 27. Nxc3 $14) 25. Bb5 (25. Rf1 Ng4 26. Bb5 Nge5
27. Bf4 Ke7 $11) 25... Nxd1 26. Bxc6+ Ke7 27. Kxd1 Rxh5 28. Nf3 $14) 24. Be2 $1
$16 Rh8 (24... Rh4 25. Nf3 Rxe4 26. Bb5 Kd7 27. Nd4 $16) 25. c3 (25. Bb5 $5 Kd7
26. c3 Kc7 (26... bxc3 $2 27. Rd3 $1 cxb2+ 28. Kxb2 $18 {/\ Rc3 Speelman}) 27.
Bxc6 Kxc6 28. cxb4 $16) 25... Ke7 (25... bxc3 $2 26. Bb5 $1 Kd7 27. Rd3 $1
cxb2+ 28. Kxb2 $18 {/\ Rc3}) 26. cxb4 (26. Bb5 $6 Ne5 27. cxb4 Nfg4 $132 {/\ f6
}) 26... Nxb4 27. Nc3 Ne8 28. Nf3 f6 (28... g6 {/\ f5} 29. e5 $16) 29. a3 Nc6
30. Bb5 Nb8 31. Ba7 (31. e5 $1 fxe5 32. Ba7 Nd7 33. Bxd7 Kxd7 34. Nxe5+ Kc8 35.
Ng6 Rh6 36. Rg1 $1 $18 (36. Nxf8 Rf6 37. Nxe6 Rxe6 $16)) 31... Nd7 32. a4 Nc7
33. Be2 (33. a5 $6 Nxb5 34. Nxb5 Rh5 35. Nfd4 Nc5 $132) 33... g6 34. b4 f5 35.
Nd4 fxe4 36. Nc6+ Kf7 (36... Ke8 37. b5 (37. Nb5 $2 Nd5 $13) 37... d5 38. b6
Rh3 39. Kc2 (39. Nb5 Na6 $1) 39... Bg7 40. Nd4 $18) 37. b5 d5 38. b6 Rh3 39.
Nxe4 $18 Bh6+ 40. Kc2 Ne8 41. b7 Bf4 42. b8=Q Nxb8 43. Bxb8 Rh4 (43... Bxb8 44.
Ng5+) 44. Nc5 Bxb8 45. Nxb8 Ke7 46. Rb1 Kd6 47. Rb6+ $1 (47. Rb6+ $1 Kc7 (47...
Kxc5 48. Nd7+ Kd4 49. Rb4#) 48. a5 $18) 1-0

[Event "Gibraltar Masters 10th"]
[Site "Caleta"]
[Date "2012.01.24"]
[Round "1"]
[White "Iturrizaga Bonelli, Eduardo"]
[Black "Ansell, Simon"]
[Result "1/2-1/2"]
[WhiteElo "2649"]
[BlackElo "2373"]
[Annotator "Let's Check"]
[PlyCount "84"]
[EventDate "2012.01.24"]
[EventType "swiss"]
[EventRounds "10"]
[EventCountry "GGB"]
[SourceTitle "CBM 147"]
[Source "ChessBase"]
[SourceDate "2012.03.16"]
[SourceVersion "1"]
[SourceVersionDate "2012.03.16"]
[SourceQuality "1"]

1. Nf3 d6 2. d4 Bg4 3. c4 Nd7 4. e4 g6 5. Nc3 Bg7 6. Be2 c5 7. d5 Bxc3+ 8. bxc3
Qa5 9. Qc2 Ngf6 10. O-O O-O-O 11. Be3 Kb8 12. Rfb1 a6 13. Rb3 Ka7 14. Rab1 Rb8
15. Ng5 Bxe2 16. Qxe2 Rhf8 17. Nf3 Rg8 18. Bg5 Qc7 19. Re1 Rge8 20. e5 Nxe5 21.
Nxe5 dxe5 22. Qxe5 Qxe5 23. Rxe5 Nd7 24. Re1 e6 25. Rbb1 e5 26. a4 f6 27. Be3
b6 28. Rb2 Kb7 29. a5 Kc7 30. axb6+ Rxb6 31. Ra2 Ra8 32. Ra5 Rb3 33. Rc1 Kb6
34. Ra4 a5 35. Kf1 Kc7 36. Ke2 Kd6 37. Kd3 $2 (37. Ra2 Nb6 38. Kd3 $11) 37...
Rb6 $2 (37... Rb2 38. g3 f5 $19) 38. Rca1 $11 Rba6 39. Rb1 Rb6 40. Rba1 Rba6
41. Rb1 Rb6 42. Rba1 Rba6 1/2-1/2

[Event "EU-chT (Men) 10th"]
[Site "Debrecen"]
[Date "1992.11.??"]
[Round "8.1"]
[White "Lobron, Eric"]
[Black "Rivas Pastor, Manuel"]
[Result "1-0"]
[WhiteElo "2575"]
[BlackElo "2520"]
[Annotator "Lobron,E"]
[PlyCount "55"]
[EventDate "1992.11.20"]
[EventType "team-swiss"]
[EventRounds "9"]
[EventCountry "HUN"]
[SourceTitle "EU-chT"]
[Source "ChessBase"]
[SourceDate "1999.07.01"]
[SourceVersion "2"]
[SourceVersionDate "1999.07.01"]
[SourceQuality "1"]
[WhiteTeam "Germany"]
[BlackTeam "Spain"]
[WhiteTeamCountry "GER"]
[BlackTeamCountry "ESP"]

1. Nf3 d6 2. d4 Bg4 3. c4 Bxf3 4. gxf3 c6 5. h4 $5 {/\ 5... g6 6. h5+/-} (5.
Nc3) 5... Nf6 6. h5 $1 (6. Nc3 g6) 6... Nbd7 7. Nc3 e5 (7... e6 $2 8. e4 $16)
8. e3 $6 (8. d5 $142 {/\ e4, Be3+/=^^()}) 8... Be7 9. Bd3 (9. d5 $5) 9... exd4
(9... O-O 10. d5 $14) (9... d5 $5 10. cxd5 cxd5 11. Kf1 $5 (11. Ne2 $13)) 10.
exd4 d5 (10... O-O 11. Bc2 Re8 12. Qd3 Nf8 13. d5 N8d7 14. Be3 Ne5 15. Qe2 $14
{/\ 0-0-0, Rdg1->>>}) 11. cxd5 Nxd5 (11... cxd5 12. Bc2 O-O 13. Qd3 Re8 14. Be3
{/\ 0-0-0, Rdg1->>>}) 12. Nxd5 cxd5 13. Qb3 Nb6 $2 (13... O-O $1 $8 {Rivas
Pastor,M} 14. Qxd5 (14. Qxb7 $2 Nb6 $44) 14... Nc5 $1 15. Bxh7+ (15. Qxd8 Nxd3+
16. Kd2 Raxd8 17. Kxd3 Bf6 18. Be3 Rd5 $10) 15... Kxh7 16. Qf5+ Kg8 17. dxc5
Qa5+ 18. Kf1 Qxc5 19. Qxc5 Bxc5 20. Be3 Rac8 21. Re1 Bxe3 22. fxe3 Rc2 23. Re2
Rfc8 24. Rhh2 Rxe2 25. Rxe2 Rc5 26. Rh2 Kh7 $10) 14. Bb5+ $16 Kf8 {צh8} 15.
Kf1 Qd6 (15... f6 16. Bd2 Kf7 17. a4 a6 (17... Qd6 18. a5 Nd7 19. Re1 $1 Rhd8 (
19... Rhc8 20. Rxe7+ $18) 20. Bf4 Qxf4 21. Qxd5+ Kf8 22. Bc4 $18) 18. Bd3 $16 {
><h7}) 16. Bd2 f6 17. a4 a5 (17... Kf7 $18 {- 15... f6}) 18. Rc1 $18 {><a5, b7,
d5, h7} Kf7 19. Bd3 {/\ Rc5} Rhc8 $8 20. Rxc8 Rxc8 21. Bxh7 $40 {>>} Nc4 22.
Bc1 Qb4 23. Qd3 Nd6 $8 24. Kg2 Ke8 25. Qg6+ Kd7 26. Qxg7 Kc6 (26... Qxd4 27.
Re1 Re8 28. Bg6) 27. Qxe7 Rc7 28. Qxf6 1-0

[Event "EU-ch 12th"]
[Site "Aix les Bains"]
[Date "2011.03.28"]
[Round "7"]
[White "Terrieux, Kevin"]
[Black "Shengelia, Davit"]
[Result "1-0"]
[WhiteElo "2422"]
[BlackElo "2573"]
[Annotator "Marchand,A/Primel,D"]
[PlyCount "73"]
[EventDate "2011.03.22"]
[EventType "swiss"]
[EventRounds "11"]
[EventCountry "FRA"]
[SourceTitle "CBM 142 Extra"]
[Source "ChessBase"]
[SourceDate "2011.06.27"]
[SourceVersion "1"]
[SourceVersionDate "2011.06.27"]
[SourceQuality "1"]
[TimeControl "40/5400+30:1800+30"]

1. d4 c6 2. c4 g6 3. Nc3 Bg7 4. Nf3 d6 5. g3 (5. e4 {La grande ligne} Nd7 6.
Be2 Qc7 7. O-O Ngf6 8. Be3 O-O 9. Nd2 e5 10. d5 a5 11. a3) 5... Be6 $6 {
Une ligne secondaire un peu douteuse} (5... Bg4 $142 6. Bg2 Qb6 7. e3 Nd7 8.
O-O f5 9. Qc2 Bxf3 10. Bxf3 Ngf6 11. c5 dxc5 12. Na4 Qc7 13. Nxc5 Nxc5 14. Qxc5
Qd6 15. Qc4 Nd5 16. Bd2 e6 17. b4 O-O 18. a4 Rac8 19. Rac1 Rf7 20. b5 {Ruck,R 
(2572)-Kozul,Z (2565)/Bled 2002/EXT 2005/1-0 (68)}) (5... Nf6 $142 6. Bg2 Qa5
7. Bd2 Qb6 8. Qc2 O-O 9. O-O Bf5 10. Qc1 Na6 11. b3 Ne4 12. Na4 Qc7 13. Bh6 b5
14. Bxg7 Kxg7 15. Nc3 bxc4 16. Nh4 Nxc3 17. Nxf5+ gxf5 18. Qxc3 cxb3 19. axb3
Nb8 20. d5+ {Demuth,A (2427)-Janev,E (2528)/Condom 2011/Mega2011 Update 30/1-0
(46)}) 6. e4 $146 ({RR} 6. Qd3 Na6 7. a3 Nf6 8. Bg2 d5 9. cxd5 Nxd5 10. O-O O-O
11. Ng5 Bf5 12. e4 Nxc3 13. bxc3 Bg4 14. Rb1 h6 15. h3 Bc8 16. Nf3 Nc5 17. Qc2
Nxe4 18. Nh4 Nd6 19. g4 e5 20. dxe5 Bxe5 {Berndt,W (2310)-Zunker,R (2295)/
Darmstadt 1993/EXT 2001/0-1 (44)}) (6. Qb3 {[%cal Gb3b7]} Qb6 7. Bg2 $14) 6...
Qb6 7. h3 (7. c5 $5 dxc5 8. Na4 Qa5+ 9. Bd2 Qc7 10. Nxc5 $16 {[%csl Re6]}) 7...
h6 8. Be3 c5 (8... Qxb2 9. Na4 Qb4+ 10. Bd2 $13) 9. Na4 Qa5+ 10. Bd2 Qc7 11. d5
$1 {[%csl Re6] Gagnant un tempo important} Bd7 12. Nc3 Na6 13. a3 Qc8 {[%csl
Rc8]} 14. Qe2 {[%cal Ge4e5]} (14. Bg2) 14... g5 15. e5 $1 Kf8 16. g4 $1 {
Les Noirs commencent а manquer d'espace} Nc7 17. Ne4 $36 {[%csl Ge4]} Ne8 18.
Bc3 $1 dxe5 19. Nxe5 Ngf6 20. Bg2 Nxe4 21. Bxe4 Nd6 22. f4 $1 {[%cal Ge1g1,
Gf1f8]} (22. Bd3) 22... h5 23. fxg5 hxg4 24. O-O $3 $40 {[%cal Ge5f7,Gf1f7,
Ge5g6]} Kg8 25. hxg4 Qc7 26. Bf5 $1 e6 $2 27. Nxd7 (27. dxe6 Bxe6 28. Bxe6 fxe6
29. Ng6 {[%csl Rh8]}) 27... Bxc3 28. bxc3 exf5 29. Nf6+ Kf8 30. Qe5 Rh4 31.
gxf5 Qe7 32. Qg3 Rxc4 33. Rae1 Ne4 34. Qh4 Qd6 35. Rxe4 Rxe4 36. Nxe4 Qxd5 37.
Re1 {Une partie impressionnante de la part du breton} 1-0